000 00542nam a2200181Ia 4500
003 GCL
008 140319s9999 xx 000 0 eng d
040 _aGCL /
_cGCL
082 0 4 _a686.2254434
_bB D
100 1 _aBRADLEY, JULIA CASE
245 1 0 _aDESKTOP PUBLISHING USING VENTUREA: PUBLISHER 3.2 - MACINTOSH VERSION /
_cBRADLEY, JULIA CASE
700 1 _aFLOYD, JONNE
700 1 _aSHERMAN, NANCY
260 _a[S.N] :
_bWM. C. BROWIN COMMUNICATIONS, INC ،
_c1993
300 _a446 PP
650 0 4 _aDESKTOP PUBLISHING
942 _2ddc
_cBK
999 _c12009
_d12009